000 00621nam a22002057a 4500
005 20260309140603.0
008 260309b |||||||| |||| 00| 0 eng d
020 _a9789914766523
050 _aHF5549.5.T3
_bM34 2024
100 _aMagambo, Karani
245 _aTalent management practices:
_bPhilosophy and theory/
260 _aUNISA
_bUniversity of south Africa
_c2024
300 _ax, 288P.:
_c23 cm.
500 _aincludes bibliographical references and index
650 _aPersonnel management.
650 _aEmployee retention.
650 _aStrategic planning.
650 _aLeadership.
942 _2lcc
_cBK
999 _c60232
_d60232